Capital Cities of the World by Picture #3 - Statistics

General Stats
  • This quiz has been taken 124 times
  • The average score is 9 of 15
Answer Stats
Picture Answer % Correct
Kuala Lumpur
91%
Cape Town
67%
Budapest
65%
Caracas
60%
Luxembourg
60%
Riga
60%
Kuwait City
58%
Panama City
56%
Pyongyang
56%
Manila
53%
Nicosia
53%
Thimpu
53%
Warsaw
51%
Yerevan
49%
Rabat
47%
No matching quizzes found
Score Distribution
Percent of People with Each Score
Percentile by Number Answered
Your Score History
You have not taken this quiz